1912 - Mission Moderne : die Jahrhundertschau des Sonderbundes ; [... anlässlich der gleichnamigen Ausstellung im Wallraf-Richartz-Museum & Fondation Coroud, Köln, 31. August bis 30. Dezember 2012]
Gespeichert in:
| Mitwirkende: | |
|---|---|
| Dokumenttyp: | Tagungsbericht Buch |
| Sprache: | German |
| Veröffentlicht: |
Köln
: Wienand
, 2012
|
| Schlagwörter: | |
| Online Zugang: | Inhaltsverzeichnis Inhaltstext |
| Bibliogr. Hinweis: | Rezensiert in:
[Rezension von: Barbara Schaefer (Hrsg.), 1912 - Mission Moderne. Die Jahrhundertschau des Sonderbundes] |
| Verantwortlich: | Wallraf, das Museum, Wallraf-Richartz-Museum & Fondation Corboud. Hrsg. von Barbara Schaefer |
| LEADER | 05057cam a2200961 c 4500 | ||
|---|---|---|---|
| 001 | 716854376 | ||
| 003 | DE-627 | ||
| 005 | 20260616231600.0 | ||
| 007 | tu | ||
| 008 | 120603s2012 gw ||||| cr 00| ||ger c | ||
| 015 | |a 12,N21 |2 dnb | ||
| 016 | 7 | |a 1022336274 |2 DE-101 | |
| 020 | |a 386832111X |q : Gb. : ca. EUR 49.90 (DE) |9 3-86832-111-X | ||
| 020 | |a 9783868321111 |q Gb. : ca. EUR 49.90 (DE), ca. EUR 51.30 (AT), ca. sfr 66.90 (freier Pr.) |9 978-3-86832-111-1 | ||
| 024 | 3 | |a 9783868321111 | |
| 035 | |a (DE-627)716854376 | ||
| 035 | |a (DE-576)369813162 | ||
| 035 | |a (DE-599)DNB1022336274 | ||
| 035 | |a (OCoLC)881808237 | ||
| 035 | |a (OCoLC)802446377 | ||
| 035 | |a (OCoLC)1078724055 | ||
| 035 | |a (OCoLC)816497556 | ||
| 035 | |a (DE-478)952583894 | ||
| 040 | |a DE-627 |b ger |c DE-627 |e rakwb | ||
| 041 | |a ger | ||
| 044 | |c XA-DE-NW | ||
| 082 | 0 | |a 700 |q BSZ | |
| 082 | 0 | |a 709.041074435514 | |
| 082 | 0 | 4 | |a 700 |a 060 |q DNB |
| 082 | 0 | 4 | |a 700 |
| 084 | |a Rfo Köln |2 asb | ||
| 084 | |a RCL 100 Köln |2 ssd | ||
| 084 | |a Ku 19 Köln |2 sfb | ||
| 084 | |a K 122 Köln |2 kab | ||
| 084 | |a 9,10 |2 ssgn | ||
| 084 | |a LH 44530 |2 rvk |0 (DE-625)rvk/93545: | ||
| 084 | |a 20.00 |2 bkl | ||
| 084 | |a 20.70 |2 bkl | ||
| 245 | 0 | 0 | |a 1912 - Mission Moderne |b die Jahrhundertschau des Sonderbundes ; [... anlässlich der gleichnamigen Ausstellung im Wallraf-Richartz-Museum & Fondation Coroud, Köln, 31. August bis 30. Dezember 2012] |c Wallraf, das Museum, Wallraf-Richartz-Museum & Fondation Corboud. Hrsg. von Barbara Schaefer |
| 246 | 3 | 0 | |a neunzehnhundertzwölf |
| 246 | 3 | 3 | |a Neunzehnhundertzwölf - Mission Moderne |
| 264 | 1 | |a Köln |b Wienand |c 2012 | |
| 300 | |a 646 S. |b zahlr. Ill. |c 32 cm | ||
| 336 | |a Text |b txt |2 rdacontent | ||
| 336 | |a unbewegtes Bild |b sti |2 rdacontent | ||
| 337 | |a ohne Hilfsmittel zu benutzen |b n |2 rdamedia | ||
| 338 | |a Band |b nc |2 rdacarrier | ||
| 505 | 8 | |a Literaturverz. S. 619 - 635 | |
| 583 | 1 | |a Archivierung/Langzeitarchivierung gewährleistet |f SSG |x XA-DE-BW |2 pdager |5 DE-16 | |
| 655 | 7 | |a Ausstellungskatalog |y 2012 |z Köln |0 (DE-588)4135467-9 |0 (DE-627)10566491X |0 (DE-576)209660988 |2 gnd-content | |
| 655 | 7 | |a Katalog |0 (DE-588)4163417-2 |0 (DE-627)105454966 |0 (DE-576)209880899 |2 gnd-content | |
| 655 | 7 | |a Aufsatzsammlung |0 (DE-588)4143413-4 |0 (DE-627)105605727 |0 (DE-576)209726091 |2 gnd-content | |
| 655 | 7 | |a Verzeichnis |0 (DE-588)4188171-0 |0 (DE-627)105266639 |0 (DE-576)210051078 |2 gnd-content | |
| 655 | 7 | |a Ausstellungskatalog |0 (DE-588)4135467-9 |0 (DE-627)10566491X |0 (DE-576)209660988 |2 gnd-content | |
| 655 | 7 | |a Ausstellungskatalog |x Wallraf-Richartz-Museum |y 31.08.-30.12.2012 |0 (DE-588)4135467-9 |0 (DE-627)10566491X |0 (DE-576)209660988 |2 gnd-content | |
| 689 | 0 | 0 | |d f |0 (DE-588)2069220-1 |0 (DE-627)103688242 |0 (DE-576)192138413 |a Internationale Kunstausstellung |n 4 |d 1912 |c Köln |2 gnd |
| 689 | 0 | |5 DE-101 | |
| 689 | 1 | 0 | |d f |0 (DE-588)2069220-1 |0 (DE-627)103688242 |0 (DE-576)192138413 |a Internationale Kunstausstellung |n 4 |d 1912 |c Köln |2 gnd |
| 689 | 1 | 1 | |d s |0 (DE-588)4263515-9 |0 (DE-627)104595329 |0 (DE-576)210615117 |a Exponat |2 gnd |
| 689 | 1 | |5 DE-101 | |
| 689 | 2 | 0 | |d f |0 (DE-588)2069220-1 |0 (DE-627)103688242 |0 (DE-576)192138413 |a Internationale Kunstausstellung |n 4 |d 1912 |c Köln |2 gnd |
| 689 | 2 | 1 | |d s |0 (DE-588)4039827-4 |0 (DE-627)104658711 |0 (DE-576)209036745 |a Moderne |2 gnd |
| 689 | 2 | 2 | |d s |0 (DE-588)4114333-4 |0 (DE-627)105822957 |0 (DE-576)209483733 |a Kunst |2 gnd |
| 689 | 2 | |5 (DE-627) | |
| 700 | 1 | |a Schaefer, Barbara |e Hrsg. |0 (DE-588)132833255 |0 (DE-627)527713244 |0 (DE-576)299445992 |4 edt | |
| 710 | 2 | |a Wallraf-Richartz-Museum & Fondation Corboud |0 (DE-588)10073784-5 |0 (DE-627)380123509 |0 (DE-576)199779236 |4 oth | |
| 711 | 2 | |a Ausstellung 1912 - Mission Moderne. Die Jahrhundertschau des Sonderbundes |d 2012 |c Köln |0 (DE-588)1026262178 |0 (DE-627)72636410X |0 (DE-576)371580307 |4 oth | |
| 787 | 0 | 8 | |i Rezensiert in |a Ledoux, Chloé |t [Rezension von: Barbara Schaefer (Hrsg.), 1912 - Mission Moderne. Die Jahrhundertschau des Sonderbundes] |d 2014 |w (DE-627)187654628X |
| 856 | 4 | 2 | |u http://www.gbv.de/dms/weimar/toc/716854376_toc.pdf |m V:DE-601 |m B:DE-Wim2 |x Verlag |y Inhaltsverzeichnis |3 Inhaltsverzeichnis |7 1 |
| 856 | 4 | 2 | |u http://www.wienand-verlag.de/titel/1912-Mission-Moderne-Wallraf-Richartz-Museum-Koeln-Sonderbund-van-Gogh-Picasso-Barbara-Schaefer.asp |m X: MVB |q text/html |v 2013-05-01 |x Verlag |3 Inhaltstext |7 1 |
| 935 | |i Blocktest | ||
| 936 | r | v | |a LH 44530 |b Köln |k Kunstgeschichte |k Allgemeines. Allgemeine Kunstgeschichte |k Ausstellungswesen, Ausstellungskataloge |k Ausstellungskataloge |k Orte K |k Köln |0 (DE-627)1270878425 |0 (DE-625)rvk/93545: |0 (DE-576)200878425 |
| 936 | b | k | |a 20.00 |j Kunstwissenschaften: Allgemeines |0 (DE-627)106406493 |
| 936 | b | k | |a 20.70 |j Europäische Kunst: Allgemeines |0 (DE-627)106406566 |
| 951 | |a BO | ||
| 990 | |a Internationale Kunstausstellung <Köln> | ||
| 990 | |a Internationale Kunstausstellung <Köln> | ||
| 990 | |a Exponat | ||
| 990 | |a Internationale Kunstausstellung <Köln> | ||
| 990 | |a Moderne | ||
| 990 | |a Kunst | ||
| 991 | |a Rezensiertes Werk | ||
| 999 | |a KXP-PPN716854376 |e 4965091531 | ||


